000 00578nam#a2200205#c#4500
003 IEF
005 20180219151115.0
008 950601s1899 uuu####fr####|10||u| |u
040 _aIEF
100 1 _aMellado y Leguey, Fernando
_929083
245 _aTratado Elemental de Derecho Administrativo
250 _a[3ª ed.]
260 _aMadrid
_b [s.n.] (Imp. de los Hijos de M.G.Hernández)
_c1899
300 _a950 p., 14 h.
_c25 cm.
650 4 _aDERECHO ADMINISTRATIVO
_941865
650 4 _aTRATADOS, MANUALES, ETC
_948609
942 _cLIB
942 _z50748
999 _c13056
_d13056